00481nam a22001457a 4500003000400000005001700004008004100021040001100062041001200073100004800085245007000133260005300203650002200256856005700278OSt20260220160950.0260220b |||||||| |||| 00| 0 eng d cMRSPTU aEnglish aGeetinder Kaur, Supervisor: Dr. Bal Krishan aEffect on Compressive Strength of Concrete by Adding Glass Fibres bDepartment of Civil Engg. MRSPTU, Bathindac2017 aCivil Engineering uhttp://163.47.215.52:8080/jspui/handle/123456789/354